MDQL
is popping MORE tags! Check the
thread
!
Quizzes
Events
Quiz Creation
Community
Videos
Private Events
Remove Ads
Sign In
Join for FREE
Feedback
Dark Mode
Quiz Categories
Sports
Geography
Music
Movies
Television
Just For Fun
Miscellaneous
History
Literature
Language
Science
Gaming
Entertainment
Religion
Holiday
For Kids
Quiz Lab
Recent
Popular Today
Quiz Kudos Today
Editor Picks
Curator Picks
Quizzes by...
Day
Popularity
Type
Ratings
Length
Year
Community
Subscriptions
Recent Discussions
Orange Saloon
Badges
Playlists
Quests
Create
Leaderboards
Showdown
Live 5
Trivia Bingo
Activity
Puzzle Library
Sporcle Events
Private Events
Virtual Trivia
Globe League
Become a Host
Pub Owners
SporcleCon
Opinionation
Our Games
Videos
Blog
Mobile Apps
Partnerships
Remove Ads and Go Orange
Feedback
Music
Pop Music
The Beatles
Song
Album
Lyrics
Bands
Singers
Artist
Clip
Rock
Rap
Classical
Billboard
Country Music
Kpop
Taylor Swift
Music
Pop Music
The Beatles
Song
Album
Lyrics
Bands
Singers
Artist
Clip
Rock
Rap
Classical
Billboard
Country Music
Kpop
Taylor Swift
Random Quiz
Search Sporcle
×
Quiz Lab
Quiz Lab
Music
Singers
Type in answers that appear in a list
Type in answers that appear in a list
Classic
Best Score? Go Orange.
Please Don't Go - Joel Adams Lyrics Stats
Can you name the lyrics to Please Don't Go by Joel Adams?
By
nee72495
10m
179 Questions
91 Plays
91 Plays
91 Plays
Comments
Comments
Give Quiz Kudos
Give Quiz Kudos
-
- Ratings
hide this ad
Replay
Link that replays current quiz
Next Quiz
Link to next quiz in quiz playlist
You Got
0%
They Got
Avg Score
86%
Avg Friend Score
Upgrade to see
Score Distribution
Jump to the score distribution portion of the page
Score
0/179
Timer
10:00
0
Plays Today
Lyrics
% Correct
don't
97.8%
go.
97.8%
don't
97.8%
go,
97.8%
don't
97.8%
go.
97.8%
don't
97.8%
Don't
97.8%
[Chorus]
97.8%
don't
97.8%
don't
97.8%
go.
97.8%
don't
97.8%
go.
97.8%
don't
97.8%
go.
97.8%
don't
97.8%
go.
97.8%
don't
97.8%
go.
97.8%
don't
97.8%
go.
97.8%
I
96.7%
I
96.7%
I
96.7%
I
96.7%
I
96.7%
I
96.7%
I
96.7%
I
96.7%
I
96.7%
I
96.7%
I
96.7%
I
96.7%
I
96.7%
you
95.6%
please
95.6%
please
95.6%
no.
95.6%
you
95.6%
please
95.6%
you
95.6%
you
95.6%
please
95.6%
no.
95.6%
please
95.6%
no.
95.6%
you
95.6%
please.
95.6%
please
95.6%
please.
95.6%
Please
95.6%
no.
95.6%
Please
95.6%
no.
95.6%
you
95.6%
please
95.6%
So
93.4%
so
93.4%
So
93.4%
Lyrics
% Correct
So
93.4%
So
93.4%
So
93.4%
to
92.3%
to
92.3%
oh
92.3%
to
92.3%
to
92.3%
oh,
92.3%
oh,
92.3%
oh,
92.3%
Oh,
92.3%
oh,
92.3%
oh.
92.3%
Oh,
92.3%
Oh,
92.3%
Oh,
92.3%
Oh,
92.3%
now
91.2%
I'm
91.2%
for
91.2%
for
91.2%
Now
91.2%
I'm
91.2%
Now
91.2%
I'm
91.2%
I'm
91.2%
now,
91.2%
now.
91.2%
Now
91.2%
I'm
91.2%
Now
91.2%
I'm
91.2%
I'm
91.2%
ever
89%
when
89%
ever
89%
ever
89%
when
89%
when
89%
ever
87.9%
the
87.9%
alone.
87.9%
alone.
87.9%
alone.
87.9%
alone.
87.9%
alone.
87.9%
my
86.8%
my
86.8%
my
86.8%
Most
85.7%
Most
85.7%
of
85.7%
Most
85.7%
of
85.7%
nights
84.6%
come
84.6%
nights
84.6%
see
84.6%
nights
84.6%
Lyrics
% Correct
home.
83.5%
know.
83.5%
sleep
82.4%
sleep
82.4%
pray
81.3%
think
81.3%
whenever
81.3%
think
81.3%
whenever
81.3%
think
81.3%
whenever
81.3%
soul
79.1%
soul.
79.1%
hardly
79.1%
want
79.1%
want
79.1%
on
79.1%
hardly
79.1%
back
78%
back
78%
and
78%
Nobody
76.9%
knows.
76.9%
Nobody
76.9%
too
76.9%
it
76.9%
lord.
75.8%
sees.
74.7%
wanna
74.7%
left
73.6%
there,
73.6%
need
73.6%
need
73.6%
Praying
72.5%
Praying
72.5%
own,
72.5%
love.
72.5%
weak.
71.4%
many
71.4%
things
70.3%
'Cause
69.2%
change.
69.2%
'Cause
69.2%
living
69.2%
reply.
69.2%
your
69.2%
again.
68.1%
what
68.1%
take
67%
start
67%
messages,
67%
am
67%
babe.
62.6%
sent
61.5%
Gotta
58.2%
missing
58.2%
out
54.9%
Singing
47.3%
figure
46.2%
Quiz Playlist
Details
Report
Send in Message
Add To Playlist
Classic:
Type in answers that appear in a list
Quiz Source
Last Updated: Jun 18, 2017
Quiz Scoreboard
CHALLENGE
Sign Up to Join the Scoreboard
Show All
Scores
Hide
Comments
May contain spoilers
Recently Published
Street Fighter Characters
by Artimus82
Gaming
60s
9x9 Crossword: Cartoon Network
by jackfrog10
Miscellaneous
3m
College Basketball Coaching Resumes
by pancakes188
Sports
9m
More to Explore
Quiz From the Vault
Featured Blog Post
Where Did the Easter Bunny Come From?
hide this ad
You Might Also Like...
Tags
Pop Music Quiz
Singers Quiz
Australia Albums
Australian
joel
Spotify
Today's Top Quizzes in Music
Browse Music
hide this ad
Today's Top Quizzes in Singers
Browse Singers
Top Contributed Quizzes in Music
1
Taylor Swift All Songs (2024)
2
Guess the Artist- 70s Songs
3
7-to-1: Billboard Hot 100 #1 Hits of 2010s
4
Taylor Swift Logic Puzzle
5
Sorting Albums and Songs
6
KPOP LOGIC QUIZ
7
Guess the Taylor Swift song (Mystery Song)
8
Guess The Taylor Swift Lyrics Song #1
9
Billboard Blitz: ABBA
10
Billboard Blitz: The Beatles
Explore More
Trending Topics
Disney
Marvel
Crossword
Anime
Harry Potter
NBA
Kpop
Puzzle
Pokémon
WWE
Soccer
NFL
Country
Song
The Office
hide this ad
More By:
nee72495
Quiz
Plays
Rating
Category
Featured
Created
There's Nothing Holdin' Me Back - Shawn Mendes Lyrics
7,570
4.64
Music
Apr 30, 2017
Rick and Morty: Interdimensional Cable
3,581
4.60
Television
Sep 7, 2017
Never Be Alone - Shawn Mendes Lyrics
3,349
5.00
Music
Oct 16, 2017
Party Monster - The Weeknd Lyrics
3,162
5.00
Music
May 10, 2017
Attention - Charlie Puth Lyrics
3,087
4.92
Music
Jun 16, 2017
Go to Creator's Profile
Score Distribution
Quiz Creator Spotlight
nee72495
Follow
Send a Message
Quizzes Created
-
Created Quiz Play Count
-
More By This Creator
Popular Quizzes Today
1
Find the US States - No Outlines Minefield
2
Find the Countries of Europe - No Outlines Minefield
3
The Countries of the World
4
Find the US States
5
Risky Map Clicking: Biggest States A-Z
6
US States
7
Popular People in 1961
8
Movies - When Are They Set?
More Music Quizzes
Stray Kids Discography (Audio)
Quiz Lab
Trending Quizzes
Risky Map Clicking: Least Populous States A-Z
1-10 Letter G Words
Risky Map Clicking: Next State Alphabetically
Adjectives in 80s TV Shows
The Seven Year Switch: Catherine
Recently Updated
Leaping Animals
pecheneg
Reality TV Shows (A-Z)
bhenderson79
Rickey Henderson's Hall of Fame Teammates
pecheneg
Champions League XIs: Arsenal
pecheneg
Quick Pick: Celebrities in WWE's Hall of Fame
aduchscher
A-Z Keypad Blitz II
pecheneg
Multiple Oscar Actors
pecheneg
Mystery Phrase Blitz: Oscar 'Best Actors'
pecheneg
F. Scott Fitzgerald Novels
LTH
Pick 3 Villains
ddd62291
Trending Topics
Anime
Kpop
Disney
Marvel
NBA
Crossword
Harry Potter
Puzzle
Pokémon
NFL
The Office
Country
Soccer
WWE
Song
Your Account Isn't Verified!
In order to create a playlist on Sporcle, you need to verify the email address you used during registration. Go to your
Sporcle Settings
to finish the process.
Report this User
Report this user for behavior that violates our
Community Guidelines
.
Details:
Send Report
Go to the Sporcle.com Mobile Site →
Comments